00701nam a2200181 a 4500008004100000020001500041050001500056100001800071245009500089260003200184300001500216350000900231650005500240700001400295995007800309999001700387952011500404120416s1999 ||||||||||||||||| || u a0070381836 aTD 145 Han aLin, Dar Shun10aHandbook of environmental engineering calculationsc[edited by] C. C. Lee and Shun Dar Lin aNew YorkbMcGraw-Hillc1999 aix, : ill. a0.00 aENVIRONMENTAL ENGINEERING--HANDBOOKS, MANUALS, ETC aLee, C. C D0.00FCBU-MAIN LIBRARY (Kitwe)H1I40.00UAVAILABLEZReference Collection c45267d45267 00102lcc4070a001b001cReference Collectiond2022-11-30l0oTD 145 Hanp40596r2022-11-30w2022-11-30y002